La aparición del libro
Saved in:
| Main Author: | |
|---|---|
| Other Authors: | |
| Format: | Book |
| Language: | Spanish |
| Published: |
Ciudad de México
UTEHA
1962
|
| Edition: | 1a. ed |
| Series: | La Evolución de la Humanidad, 70
|
| Subjects: | |
| Tags: |
Add Tag
No Tags, Be the first to tag this record!
|
MARC
| LEADER | 00000cam a2200000 a 4500 | ||
|---|---|---|---|
| 001 | UCV9021 | ||
| 003 | CL-VaPUC | ||
| 008 | 920416e19620000MX |||||||||||||||||spa|d | ||
| 082 | 0 | 4 | |a 001 |b FEB |2 21 |
| 100 | 0 | |a Febvre, Lucien Paul |e author |9 303007 | |
| 700 | |a Martin, Henri-Jean |e autor |9 303008 | ||
| 245 | 1 | 3 | |a La aparición del libro |
| 250 | |a 1a. ed | ||
| 300 | |a 439 p | ||
| 942 | |c BK | ||
| 945 | |d 19920416 00:00:00 | ||
| 260 | |a Ciudad de México |b UTEHA |c 1962 | ||
| 650 | 0 | |a Libros |x Historia |9 267474 | |
| 583 | |a last modification |c 20160621 11:50:52 |k Rodrigo Vera | ||
| 490 | 0 | |a La Evolución de la Humanidad, 70 | |
| 999 | |c 214421 |d 214419 | ||
| 952 | |0 0 |1 0 |2 ddc |4 0 |6 001_000000000000000_FEB_1962 |7 0 |8 A |9 197744 |a BIBARQ |b BIBARQ |c PAC |d 2019-11-14 |i 2654105 |o 001 FEB 1962 |p 2654105 |r 2025-01-20 |w 2019-11-14 |y BK |k ARQ | ||
| 952 | |0 0 |1 0 |4 0 |6 001_000000000000000_FEB_1962 |7 0 |8 A |9 197745 |a BIBHIS |b BIBHIS |d 2019-11-14 |i 3350878 |o 001 FEB 1962 |p 3350878 |r 2025-01-20 |w 2019-11-14 |y BK |k HIS | ||
| 952 | |0 0 |1 0 |3 erd |4 0 |6 001_000000000000000_FEB_1962 |7 0 |8 A |9 197746 |a FDOHBE |b FDOHBE |e Huesbe Llanos, Marco Antonio, 1934- |i 5334489 |o 001 FEB 1962 |p 5334489 |r 2024-01-30 |w 2019-11-14 |y BK |z Catalogado en:20160623 |k HBE | ||